Normal view
MARC view
- Gupta.S.C.etal.
Entry Personal Name
001 - CONTROL NUMBER
- control field: 1168
003 - CONTROL NUMBER IDENTIFIER
- control field: OSt
005 - DATE AND TIME OF LATEST TRANSACTION
- control field: 20161112120149.0
008 - FIXED-LENGTH DATA ELEMENTS
- fixed length control field: 161112|| aca||aabn | a|a d
040 ## - CATALOGING SOURCE
- Original cataloging agency: OSt
100 ## - HEADING--PERSONAL NAME
- Personal name: Gupta.S.C.etal.